| 000 | 00851nmm a2200289 a 4500 | ||
|---|---|---|---|
| 003 | AR-BaBNM | ||
| 005 | 20251128210712.0 | ||
| 008 | 091020s1999 ||||||||||||||000 | spa|| | ||
| 020 | _a987-9191-44-7 | ||
| 040 | _cAR-BaBNM | ||
| 100 | 1 | _aOtero, Alberto | |
| 245 | 1 | 0 |
_aTaller de educación ambiental _b50 actividades y juegos didacticos |
| 250 | _a1ª ed. | ||
| 260 |
_aBuenos Aires _bEdiciones Novedades Educativas _c1999 |
||
| 300 | 0 |
_a95 p. _btablas, il. |
|
| 504 | _aContiene referencias bibliográficas p. 94-95 | ||
| 650 | 4 | _aEDUCACION AMBIENTAL | |
| 650 | 4 | _aACTIVIDADES DE APRENDIZAJE | |
| 650 | 4 | _aJUEGOS EDUCATIVOS | |
| 653 | 0 | _aTEMAS TRANSVERSALES | |
| 653 | 0 | _aEDUCACION GENERAL BASICA | |
| 653 | 0 | _aPROYECTOS DE AULA | |
| 653 | 0 | _aPROYECTOS CURRICULARES | |
| 700 | 1 | _aBruno, Claudia | |
| 942 | _cBK | ||
| 998 | _cRAQUEL | ||
| 999 |
_c16517 _d16517 |
||